Study on effetiveness of electricity use in saang district, kandal province, សិក្សាពីប្រសិទ្ទិភាពនៃការប្រើប្រាស់ថាមពលអគ្គិសនីរបស់ប្រជាជននៅស្រុកស្អាង ខេត្តកណ្តាល (Record no. 4290)

000 -LEADER
fixed length control field 00683nam a22001337a 4500
040 ## - CATALOGING SOURCE
Transcribing agency RUA
082 ## - DEWEY DECIMAL CLASSIFICATION NUMBER
Classification number ATM MAK 2011 B198 Or.1
100 ## - MAIN ENTRY--AUTHOR NAME
Personal name MAK, SOVANCHANVUTRA
245 ## - TITLE STATEMENT
Title Study on effetiveness of electricity use in saang district, kandal province, សិក្សាពីប្រសិទ្ទិភាពនៃការប្រើប្រាស់ថាមពលអគ្គិសនីរបស់ប្រជាជននៅស្រុកស្អាង ខេត្តកណ្តាល
260 ## - PUBLICATION, DISTRIBUTION, ETC. (IMPRINT)
Place of publication Phnom Penh
Name of publisher RUA
Year of publication 2011
300 ## - PHYSICAL DESCRIPTION
Number of Pages x, 52p.
Other physical details ill.
Dimensions 29cm.
856 ## - ELECTRONIC LOCATION AND ACCESS
Uniform Resource Identifier https://drive.google.com/file/d/1YLMNmhoHGpQA-Ii6M5aDVSUMu9_EHMs9/view?usp=sharing
942 ## - ADDED ENTRY ELEMENTS (KOHA)
Koha item type ATM
952 ## - LOCATION AND ITEM INFORMATION (KOHA)
Withdrawn status [LOCAL, KOHA] 0
952 ## - LOCATION AND ITEM INFORMATION (KOHA)
Withdrawn status [LOCAL, KOHA] 0
952 ## - LOCATION AND ITEM INFORMATION (KOHA)
Withdrawn status [LOCAL, KOHA] 0
952 ## - LOCATION AND ITEM INFORMATION (KOHA)
Withdrawn status [LOCAL, KOHA] 0
952 ## - LOCATION AND ITEM INFORMATION (KOHA)
Withdrawn status [LOCAL, KOHA] 0
952 ## - LOCATION AND ITEM INFORMATION (KOHA)
Withdrawn status [LOCAL, KOHA] 0
952 ## - LOCATION AND ITEM INFORMATION (KOHA)
Withdrawn status [LOCAL, KOHA] 0
952 ## - LOCATION AND ITEM INFORMATION (KOHA)
Withdrawn status [LOCAL, KOHA] 0
952 ## - LOCATION AND ITEM INFORMATION (KOHA)
Withdrawn status [LOCAL, KOHA] 0
Holdings
Permanent Location Date acquired Koha item type Lost status Barcode Shelving location Current Location Full call number
Library Block B2015-12-09ATM RUA037977 Library Block BATM MAK 2011 B198 Or.1
Library Block B2015-12-09ATM RUA039220 Library Block BATM MAK 2011 B198 Or.2
Library Block B2015-12-09ATM RUA039079 Library Block BATM MAK 2011 B198 Or.3
Library Block B2015-12-09ATM RUA039061 Library Block BATM MAK 2011 B198 Or.4
Library Block B2015-12-09ATM RUA038946 Library Block BATM MAK 2011 B198 Or.5
Library Block B2015-12-09ATM RUA038994 Library Block BATM MAK 2011 B198 Or.6
Library Block B2015-12-09ATM RUA41262 Library Block BATM MAK 2011 B198 Or.7
Library Block B2015-12-09ATM RUA41270 Library Block BATM MAK 2011 B198 Or.8
Library Block B2019-02-15ATM A36307B1.218Library Block BATM MAK 2011 B1.218 Or.1
មជ្ឈមណ្ឌលឯការនៃសាកលវិទ្យាល័យភូមិន្ទកសិកម្មចំការដូង

Powered by Koha